| 000 | 00436nam a2200169Ia 4500 | ||
|---|---|---|---|
| 001 | 12376 | ||
| 003 | IN-NITTTR | ||
| 005 | 20251114233116.0 | ||
| 008 | 251113s9999||||xx |||||||||||||| ||eng|| | ||
| 040 | _beng | ||
| 040 | _cIN-NITTTR | ||
| 041 | _aeng | ||
| 082 | _a609.1724 S86S | ||
| 100 | _aSchumacher, E. F. | ||
| 245 | 0 |
_aSmall is beautiful : _b a study of economics as if people mattered. / _cSchumacher, E. F. |
|
| 942 |
_2ddc _cBK |
||
| 999 |
_c15012 _d15012 |
||